000 00582cam a22001817a 4500
999 _c50444
_d50444
001 16444246
005 20221114170433.0
008 100902s2010 dcu b f000 0 eng d
020 _a9780309146951x
041 _aeng
080 _a639.6 E-18
245 0 0 _aEcosystem concepts for sustainable bivalve mariculture.
_c
264 _aWashington, D.C. :
_bNational Academies Press,
_c2001
300 _ax, 179 p. :
_bill. ;
_c23 cm.
653 _aეკოსისტემური კონცეფციები
653 _aეკოსისტემა
942 _2udc
_cBK